000 00890nam a2200265Ia 4500
005 20260121172746.0
008 008 260114s9999 xx 000 0 eng d
020 _a9783030878726
037 _aEBOOK
040 _aCRL
040 _beng
040 _cCRL
041 _2eng
041 _aeng
084 _qCRL
100 _aJuan José Gude Prego, José Gaviria de la Puerta, Pablo García Bringas, Héctor Quintián, Emilio Corchado
_91092376
245 0 _a14th International Conference on Computational Intelligence in Security for Information Systems and 12th International Conference on European Transnational Educational (CISIS 2021 and ICEUTE 2021)
260 _bSpringer
260 _bSpringer
260 _c2022
856 _uhttps://link.springer.com/openurl?genre=book&isbn=978-3-030-87872-6
942 _cEBOOK
999 _c1658116
_d1658116